header

Introduction to gauge integrals (Record no. 14837)

MARC details
000 -LEADER
fixed length control field 01187nam a2200313Ia 4500
082 04 - DEWEY DECIMAL CLASSIFICATION NUMBER
Classification number 515/.43
100 1# - MAIN ENTRY--AUTHOR NAME
Personal name Swartz, Charles,
245 10 - TITLE STATEMENT
Title Introduction to gauge integrals
260 ## - PUBLICATION, DISTRIBUTION, ETC. (IMPRINT)
Place of publication Singapore ;
-- River Edge, N.J. :
Name of publisher World Scientific,
Year of publication c2001.
300 ## - PHYSICAL DESCRIPTION
Number of Pages x, 157 p.
650 #0 - SUBJECT ADDED ENTRY--TOPICAL TERM
Topical Term Henstock-Kurzweil integral.
Topical Term Calculus.
856 40 - ELECTRONIC LOCATION AND ACCESS
Uniform Resource Identifier http://site.ebrary.com/lib/rucke/Doc?id=10255504

No items available.

© 2026 Rongo University
Contact us: librarian | system librarian | Rongo university